This religion of Islam / (Record no. 99014)
[ view plain ]
| 000 -LEADER | |
|---|---|
| fixed length control field | 00384nam a22001457a 4500 |
| 005 - DATE AND TIME OF LATEST TRANSACTION | |
| control field | 20171010114623.0 |
| 008 - FIXED-LENGTH DATA ELEMENTS--GENERAL INFORMATION | |
| fixed length control field | 171010b xxu||||| |||| 00| 0 eng d |
| 040 ## - CATALOGING SOURCE | |
| Transcribing agency | PK-LaUMT |
| 082 ## - DEWEY DECIMAL CLASSIFICATION NUMBER | |
| Classification number | PKAC 297 |
| Item number | QUT-T |
| 100 ## - MAIN ENTRY--PERSONAL NAME | |
| Personal name | Qutb , Sayyid |
| 245 ## - TITLE STATEMENT | |
| Title | This religion of Islam / |
| Statement of responsibility, etc | Sayyid Qutb |
| 260 ## - PUBLICATION, DISTRIBUTION, ETC. (IMPRINT) | |
| Place of publication, distribution, etc | Kuwait: |
| Name of publisher, distributor, etc | International Islamic federation |
| Date of publication, distribution, etc | 1977 |
| 300 ## - PHYSICAL DESCRIPTION | |
| Extent | 104 p. |
| 942 ## - ADDED ENTRY ELEMENTS (KOHA) | |
| Koha item type | Books |
| Withdrawn status | Lost status | Damaged status | Home library | Current library | Date acquired | Full call number | Barcode | Date last seen | Price effective from | Koha item type | Copy number |
|---|---|---|---|---|---|---|---|---|---|---|---|
| UMT Main Campus | UMT Main Campus | 2017-10-10 | PKAC 297 QUT-T | 114847 | 2017-10-10 | 2017-10-10 | Books | ||||
| UMT Main Campus | UMT Main Campus | 2018-01-03 | PKAC 297 QUT-T | 117203 | 2018-01-03 | 2018-01-03 | Books | C-2 | |||
| UMT Main Campus | UMT Main Campus | 2018-01-03 | PKAC 297 QUT-T | 117202 | 2018-01-03 | 2018-01-03 | Books | C-3 |
